Hazrat Amir Khusrau of Dehli (Record no. 325878)

000 -LEADER
fixed length control field 00233 a2200097 4500
001 - CONTROL NUMBER
control field 90805
003 - CONTROL NUMBER IDENTIFIER
control field NUST
082 ## - DEWEY DECIMAL CLASSIFICATION NUMBER
Classification number 928.1 HAB
100 ## - MAIN ENTRY--PERSONAL NAME
Personal name Mohammad Habib
9 (RLIN) 9898
245 ## - TITLE STATEMENT
Title Hazrat Amir Khusrau of Dehli
Statement of responsibility, etc. Mohammad Habib
942 ## - ADDED ENTRY ELEMENTS (KOHA)
Institution code [OBSOLETE] CAE NUST
Koha item type Book
Call number prefix 928.1 HAB
Source of classification or shelving scheme
Holdings
Withdrawn status Lost status Damaged status Not for loan Collection code Permanent Location Current Location Date acquired Total Checkouts Full call number Barcode Date last seen Price effective from Koha item type
          College of Aeronautical Engineering (CAE) College of Aeronautical Engineering (CAE) 04/03/2017   928.1 HAB CAE52456 04/05/2017 04/05/2017 Book
© 2023 Central Library, National University of Sciences and Technology. All Rights Reserved.